Introduction to digital circuits (Record no. 167333)

MARC details
000 -LEADER
fixed length control field 00388nam a2200145Ia 4500
008 - FIXED-LENGTH DATA ELEMENTS--GENERAL INFORMATION
fixed length control field 231217s9999 xx 000 0 und d
041 ## - LANGUAGE CODE
Language code of text/sound track or separate title English
082 ## - DEWEY DECIMAL CLASSIFICATION NUMBER
Classification number 621.381537 BOG;11
100 ## - MAIN ENTRY--PERSONAL NAME
Personal name Bogart, Theodore F
245 #0 - TITLE STATEMENT
Title Introduction to digital circuits
260 ## - PUBLICATION, DISTRIBUTION, ETC.
Date of publication, distribution, etc. 1992
Name of publisher, distributor, etc. New York : MacMillan/Grahill/Glencoe,
300 ## - PHYSICAL DESCRIPTION
Extent xii+820
650 ## - SUBJECT ADDED ENTRY--TOPICAL TERM
Topical term or geographic name entry element Digital circuits
942 ## - ADDED ENTRY ELEMENTS (KOHA)
Koha item type Books
Holdings
Date last seen Total checkouts Full call number Accession number Cost, total (INR) price Price effective from Category Lost status Damaged status Department Withdrawn status Home library Current library Entry date Vendor Cost, normal purchase price Grants Billnumber Billdate Currency symbol Conversion rate Discount Old discount
26/01/2024   621.381537 BOG;11 16299 717.22 26/01/2024 Books     Central Library   Central Library Central Library 16/10/2000 Sai Books 17.95 EC 1024 31/10/2003 USD 47 2.69 15

© For any Suggestions or Query, please contact the library staff @ librarian@pes.edu or Phone: +9180 2672 1983/ 2108.